Caricamento...

Archaeological Survey of India-Report Vol.XVI /

Dettagli Bibliografici
Autore principale: Cunningham
Natura: Printed Book
Lingua:English
Pubblicazione: Varanasi : Indological Book House, 1969.
LEADER 00475nam a2200121Ia 4500
008 160114b xxu||||| |||| 00| 0 eng d
082 |a 930.15406 
100 |a Cunningham 
245 |a Archaeological Survey of India-Report Vol.XVI /  |c by Cunningham 
260 |a Varanasi :  |b Indological Book House,   |c 1969. 
942 |c REF 
999 |c 294077  |d 294077 
952 |0 0  |1 0  |4 0  |6 930_154060000000000_ARC16  |7 0  |9 334522  |a HIS  |b HIS  |c REF  |d 2016-02-02  |i 7104  |l 0  |o 930.15406 ARC16  |p HIS7104  |r 2016-02-02  |w 2016-02-02  |y REF